LEADER 02344nam a2200433 u 4500 001 000000056472 003 CaOOAMICUS 005 20070226120458.0 008 790329s1974 ne u000 u fre u 020 $a9024716616 035 $a10876563 040 $aPica$bdut$dPUL(R) 041 0 $afre$alat$aita 082 00$aB 082 00$a284/.84/0924 098 $aNL-B7504417 100 1 $aQuesnel, Pasquier,$cC.Or.,$d1634-1719.$0(OLS)http://pul/name/39603 240 10$aLettere$9(Quesnel, Pasquier, C.Or., 1634-1719).$0(OLS)http://pul/title/75533 245 10$aPasquier Quesnel devant la Congrégation de l'Index :$bcorrespondance avec Francesco Barberini et mémoires sur la mise à l'Index de son édition des oeuvres de Saint Léon, publiés avec introduction et annotations /$cpar J.A.G. Tans et H. Schmitz Du Moulin. 260 $aLa Haye :$bNijhoff,$cc1974. 300 $axlv, 156 p ;$c24 cm 490 1 $aArchives internationales d'histoire des idées ;$v71 500 $aContiene indice. 504 $aBibliografia in nota. 600 14$aQuesnel, Pasquier,$cC.Or.,$d1634-1719$xCorrispondenza.$0(OLS)http://pul/subject/22709 600 14$aBarberini, Francesco,$ccard.,$d1597-1679$xCorrispondenza.$0(OLS)http://pul/subject/22710 700 1 $aSchmitz Du Moulin, H.$0(OLS)http://pul/name/39606 700 1 $aTans, J.A.G.,$d1914-1992.$0(OLS)http://pul/name/39605 700 12$aBarberini, Francesco,$ccard.,$d1597-1679.$tLettere$9(Barberini, Francesco, card., 1597-1679).$0(OLS)http://pul/name/39604 830 0$aArchives internationales d'histoire des idées ;$v71.$0(OLS)http://pul/title/11182 850 $aPUL 852 $aPUL$W1$xSL Religione 1$y3$m75 E 32$j74072$nBK-PRI$b $qStampati$B74072$CPULBib$Z2$F74072 $H $81 941 1 $a8 961 $aINV: 53684 996 $6020$a9024716616$9(OLS)http://pul/number/71226 996 $6082$aB$9(OLS)http://pul/classification/340 996 $6082$a284/.84/0924$9(OLS)http://pul/classification/341 996 $6245$aPasquier Quesnel devant la Congrégation de l'Index :$bcorrespondance avec Francesco Barberini et mémoires sur la mise à l'Index de son édition des oeuvres de Saint Léon, publiés avec introduction et annotations$9(OLS)http://pul/title/75534 996 $6260$aLa Haye :$bNijhoff$9(OLS)http://pul/publisher/48432 LEADER 01276nam a2200265 u 4500 001 000000136072 003 CaOOAMICUS 005 20131031163017.0 008 131031s2013 it u000 u ita u 040 $aPUL$bita 100 1 $aMassimo, Lucia Maria.$0(OLS)http://pul/name/87581 245 10$aAspetti medico legali e giuridici della fecondazione assistita e diritto canonico/$cLucia Maria Masssimo. 260 $aRoma :$bPontificia Università Lateranense,$c2013. 300 $a167 p.$c24 cm 502 $aTesi di Dottorato in diritto canonico -- Pontificia Università Lateranense, 2013. 504 $aBbibliografia: p.[161]-167. 650 4$aFecondazione assistita.$0(OLS)http://pul/subject/39290 650 4$aBioetica$xDiritto.$0(OLS)http://pul/subject/34224 710 2 $aPontificia Università Lateranense.$bFacoltà di diritto canonico.$kTesi.$0(OLS)http://pul/name/81682 850 $aPUL 852 $aPUL$W1$xDP1 Tesi Pon Univ. Lateranense$y41$m2013 C 12$j156850$qTesi$B156242$CPULBib$Z2$F156242 $82 941 1 $a16 996 $6245$aAspetti medico legali e giuridici della fecondazione assistita e diritto canonico/$9(OLS)http://pul/title/172073 996 $6260$aRoma :$bPontificia Università Lateranense$9(OLS)http://pul/publisher/47963